Представление документа в формате MARC21

Поле Инд. ПП Название Значение
Тип записи a
Библиографический уровень m
001 Контрольный номер 6bfd9b4c-a46b-11db-855a-00c0262f1595
005 Дата корректировки 20180409143609.7
008 Кодируемые данные 070115
040 a Служба первич. каталог. НБ ТвГУ
041 a Код языка текста rus
080 a Индекс УДК 007:530.145(075.8)
084 a Индекс другой классификации/Индекс ББК З811.3я73-1
a Индекс другой классификации/Индекс ББК В314я73-1
090 a Полочн. индекс З811.3
x Авторский знак Г67
100 1_ a Автор Горбачев Валерий Николаевич
245 00 a Заглавие Физические основы современных информационных процессов или Учебное пособие по квантовой телепортации, квантовым вычислениям и другим вопросам квантовой информации
c Ответственность С.-Петерб. ин-т Моск. гос. ун-та печати, Твер. гос. ун-т, Каф. теорет. физики
260 0_ a Место издания С-Петерб. ин-т
a Место издания Тверь
b Издательство б. и.
c Дата издания 2001
300 a Объем 46 с.
650 a Основная рубрика Информации теория
x Основная подрубрика Учебники для вузов
x Основная подрубрика Физические основы
650 a Основная рубрика Квантовая теория информации
650 a Основная рубрика Квантовая телепортация
650 a Основная рубрика Квантовые вычисления
653 a Ключевые слова Информация
a Ключевые слова Квантовая информация
a Ключевые слова Квантовая телепортация
a Ключевые слова Квантовые вычисления
700 1_ a Другие авторы Жилиба Анатолий Иванович
e Роль лиц авт.
856 u URL http://texts.lib.tversu.ru/texts2/01105ucheb.pdf
x Примечание для ЭОР Реестр суммарного учета сетевых локальных документов
930 a Новая/Ретро учебники
a Новая/Ретро полный текст
952 c Вид литературы Б у
954 a Дата поступления на обработку 20070226